Kolosi P. Dániel halálozási ideje

Elmentve itt :
Bibliográfiai részletek
Szerző: Herepei János
Dokumentumtípus: Könyv része
Megjelent: 1965
Sorozat:Adattár XVII. századi szellemi mozgalmaink történetéhez 1
Kulcsszavak:Művelődéstörténet - magyar - 17. sz., Kolozsi P. Dániel
Online Access:http://misc.bibl.u-szeged.hu/29174
LEADER 00629naa a2200169 i 4500
001 misc29174
005 20200430141854.0
008 180108s1965 hu o 0|| zxx d
040 |a SZTE Miscellanea Repozitórium  |b hun 
041 |a zxx 
100 1 |a Herepei János 
245 1 0 |a Kolosi P. Dániel halálozási ideje  |h [elektronikus dokumentum] /  |c  Herepei János 
260 |c 1965 
300 |a 445-447 
490 0 |a Adattár XVII. századi szellemi mozgalmaink történetéhez  |v 1 
695 |a Művelődéstörténet - magyar - 17. sz., Kolozsi P. Dániel 
856 4 0 |u http://misc.bibl.u-szeged.hu/29174/1/ad_001_445-447.pdf  |z Dokumentum-elérés